Responses for show #5074 - Thursday, October 5, 2006

2006 Back to School Week game 4.

Contestants

[<< previous game]

Cary Williams, from Milton, Massachusetts

Rowan Spake, from Portland, Oregon

Regina Merrill, from Lincoln, Nebraska

[next game >>]

Jeopardy! Round responses

FICTIONAL CHARACTERS
KID'S TOUGH
CANADA, MEXICO OR THE U.S.
PHYS ED
WHAT PLANET ARE YOU FROM?
COMPOUND WORDS
    $200 1
Curious George

Cary
    $200 15
Spy Kids

Cary
    $200 25
(Rowan: What is the U.S.?)

Canada

RowanCary
    $200 20
a bird (a birdie accepted)

Rowan
    $200 11
Mars

Rowan
    $200 6
butterfly

Cary
    $400 2
Paddington Bear

Cary
    $400 16
Cody Banks

Cary
    $400 26
Mexico

Regina
    $400 21
(Alex: That would be the [*]. If the rope breaks everybody fall down.)

tug of war

Triple Stumper
    $400 12
Jupiter

Regina
    $400 7
catnip

Rowan
    $600 3
Madeline

Rowan
    $600 17
X-Men

Rowan
    $600 28
the U.S.

Cary
    $600 22
(Alex: [After seeing Sarah's successful catch] Oh boy.)

hand & eye

Rowan
    $600 13
Mercury

Rowan
    $600 8
(Alex: If you've gone [*].)

overboard

Triple Stumper
    $300 4
the Velveteen Rabbit

Rowan
    $800 18
Bad News Bears

Regina
    $800 29
Canada

Regina
    $800 23
crawl

Cary
    $800 14
Neptune

Cary
    $800 9
haystack

Cary
    $1000 5
Cheshire Cat

Regina
    $1000 19
Anakin Skywalker

Regina
    $1000 30
Mexico

Rowan
    $1000 24
the follow-through

Cary
    $1000 27
Saturn

Regina
    $1000 10
sidesaddle

Rowan

Scores at the first commercial break (after clue 15):

Regina Rowan Cary
$1,400 $3,100 $2,600

Scores at the end of the Jeopardy! Round:

Regina Rowan Cary
$5,400 $5,300 $5,600

Double Jeopardy! Round responses

RELIGION
LIGHTS, CAMERA, KIDS
"A" IN GEOGRAPHY
PRESIDENTIAL FAMILIES
I WANNA BE...
7-LETTER WORDS
    $400 15
Muslims (the Islams accepted)

Rowan
    $400 2
Jamie Lynn

Cary
    $400 11
Athens

Cary
    $400 7
Theodore Roosevelt

Cary
    $400 1
a ballerina

Cary
    $400 24
twinkle

Rowan
    $800 16
a synagogue

Regina
    $800 3
Drake Bell

Cary
    $800 12
Arizona

Regina
    $800 8
(Rowan: Who was John Adams? Ew, eh. No.)

John Quincy Adams

RowanCary
    $800 13
an astronaut

Cary
    $800 25
squeeze

Regina
    $1200 17
confession

Rowan
    $1200 4
Kim Possible

Cary
    $1200 19
(Regina: What are the Andes?)
(Rowan: What are the... Himalayas?)
(Cary: What are the Pyrenees?)
(Alex: No, we're talking about [*]. The Andes, of course, are in South America.)

the Alps

ReginaRowanCary
Triple Stumper
    $1200 9
Harry Truman

Triple Stumper
    $1200 14
(Cary: What are dogs?)

a veterinarian

ReginaCary
    $1200 27
neutral

Rowan
    $1600 18
Buddhism

Cary
    $1600 5
the Power Rangers

Regina
    $1600 20
Afghanistan

Cary
    $1600 10
Bill Clinton

Rowan
    $1600 22
the Nobel Peace Prize

Cary
    $3,000 28
(Alex: Answer: The other Daily Double!)
[NOTE: It was only the first Daily Double revealed!]

retreat

Rowan
    $2000 26
Evangelism

Triple Stumper
    $2000 6
Lil' Romeo

Cary
    $2000 21
(Rowan: What is Nubia?)

Algeria

Rowan
Triple Stumper
    $1,000 30
(Regina: Who is Kennedy?)

Martin Van Buren

Regina
    $2000 23
an orthodontist

Rowan
    $2000 29
prodigy

Regina

Scores at the end of the Double Jeopardy! Round:

Regina Rowan Cary
$10,400 $11,100 $15,200

[wagering suggestions for these scores]

Final Jeopardy! Round responses

CHILDREN'S LIT
(Alex: [To Regina] Charlie Bucket, who gets to tour Willy Wonka's factory. You're correct.)
ReginaWhat is Charlie and the Chocolale Factory?
$5,000
RowanWhat is Witchs
$6,000
CaryWhat is Charlie and the Chocolale Factory?
$5,000
Charlie and the Chocolate Factory

Final scores:

Regina Rowan Cary
$15,400 $5,100 $20,200
2nd place: $2,000 3rd place: $1,000 Winner: $20,200

Game dynamics:

Coryat scores:

Regina Rowan Cary
$11,400 $10,200 $15,200
13 R,
2 W
(including 1 DD)
17 R
(including 2 DDs),
4 W
23 R,
2 W

Combined Coryat: $36,800

The J! Archive is created by fans, for fans. The Jeopardy! game show and all elements thereof, including but not limited to copyright and trademark thereto, are the property of Jeopardy Productions, Inc. and are protected under law. This website is not affiliated with, sponsored by, or operated by Jeopardy Productions, Inc. Join the discussion at JBoard.tv.